Cuadernos de psicología del deporte
| Autor Corporativo: | |
|---|---|
| Formato: | Electrónico Revista |
| Lenguaje: | español inglés |
| Publicado: |
Murcia, Spain :
Ediciones de la Universidad de Murcia
|
| Materias: | |
| Acceso en línea: | Full text available from Research Library: 01/01/2014 to present Full text available from PRISMA Database with HAPI Index: 01/01/2014 to 01/31/2016 |
MARC
| LEADER | 00000nas a2200000 a 4500 | ||
|---|---|---|---|
| 001 | ssj0000548316 | ||
| 003 | WaSeSS | ||
| 005 | 20200512172242.0 | ||
| 006 | m d | ||
| 007 | cr n | ||
| 008 | 110823c20019999sp f| p|s|||||| |0spa d | ||
| 022 | |a 1989-5879 |l 1578-8423 | ||
| 035 | |a (WaSeSS)ssj0000548316 | ||
| 040 | |a WaSeSS |c WaSeSS |d WaSeSS | ||
| 041 | |a spa |a eng | ||
| 050 | 4 | |a GV706.4 | |
| 210 | 1 | |a Cuad. psicol. deporte |b (Internet) | |
| 222 | 0 | |a Cuadernos de psicología del deporte |b (Internet) | |
| 245 | 0 | 0 | |a Cuadernos de psicología del deporte |h [electronic resource]. |
| 260 | |a Murcia, Spain : |b Ediciones de la Universidad de Murcia | ||
| 310 | |a Semiannual | ||
| 362 | 1 | |a Began with Vol. 1, núm. 1 (2001). | |
| 506 | |a License restrictions may limit access. | ||
| 546 | |a Articles in Spanish; abstracts in English. | ||
| 588 | |a Description based on: Vol. 1, núm. 1 (2001); title from article pdf (e-Revista, viewed August 11, 2011). | ||
| 588 | |a Latest issue consulted: Vol. 11, núm. 2 (Junio 2011) (viewed August 11, 2011). | ||
| 650 | 0 | |a Sports |x Psychological aspects |v Periodicals. | |
| 655 | 0 | |a Electronic journals. | |
| 710 | 2 | |a Universidad de Murcia. | |
| 776 | 0 | 8 | |i Print version: |t Cuadernos de psicología del deporte |x 1578-8423 |
| 856 | 4 | 0 | |z Full text available from Research Library: 01/01/2014 to present |u https://search.proquest.com/publication/2035768 |
| 856 | 4 | 0 | |z Full text available from PRISMA Database with HAPI Index: 01/01/2014 to 01/31/2016 |u https://search.proquest.com/publication/2036012 |